000 00299nam a22001337a 4500
008 170526b xxu||||| |||| 00| 0 eng d
020 _a0136868827
041 _aeng
080 _a612.38
100 _a27
101 _aIM
245 _aPOWER ELECTRONICS AND AC DRIVES
_cBOSE, B.K
942 _2udc
_cBK
999 _c14545
_d14545